Normal view
MARC view
- Muhammad Sarmad Saeed | Moeez Akmal | Hareem Shafi
Entry Personal Name
001 - CONTROL NUMBER
- control field: 5168
003 - CONTROL NUMBER IDENTIFIER
- control field: NUST
005 - DATE AND TIME OF LATEST TRANSACTION
- control field: 20171003160658.0
008 - FIXED-LENGTH DATA ELEMENTS
- fixed length control field: 171003|| aca||aabn | a|a d
040 ## - CATALOGING SOURCE
- Original cataloging agency: NUST
- Transcribing agency: NUST
100 ## - HEADING--PERSONAL NAME
- Personal name: Muhammad Sarmad Saeed | Moeez Akmal | Hareem Shafi
670 ## - SOURCE DATA FOUND
- Source citation: Work cat.: (NUST): Muhammad Sarmad Saeed | Moeez Akmal | Hareem Shafi, Optimizing thermal and resource management algorithms of multi-core architectures, 2017
